Регионална библиотека "Любен Каравелов" - Русе

Търговище : [албум] (Запис номер 387991)

MARC детайли
000 -Лидер
Контролно поле с фиксирана дължина nkm a22 a 4500
003 - Код на организацията, давaща контролен номер
Контролно поле BLK
005 - Дата и час на последна редакция
Контролно поле 20200921150422.0
008 - Елементи от данни с фиксирана дължина
fixed length control field 200921b bu ||||| |||| r0| ||bu d
040 ## - Източник на каталожния запис
Идентификатор на билиотеката - собственик на записа BLK
041 ## - Код за език
Код за езика на текст/звукозапис или на отделно заглавие Български
Код за езика КДБФ Български
080 ## - УДК
Текстов определител УДК Краезнание
УДК код - определител по УДК 908
УДК определител (497.217.1)(084.12)
УДК - код + определител 908(497.217.1)(084.12)
100 ## - Редна дума - Автор
R(LIN) 1631
Автор Стефанов, Богдан
Авторска отговорност фотогр.
139 ## - Редно поле
Редна дума Стефанов, Богдан
245 ## - Сведения за заглавието
Заглавие Търговище : [албум]
Подзаглавни данни състав., текст Христо Станев ; снимки Богдан Стефанов
Редно поле (дума) Богдан Стефанов
257 ## - Страна на издаване
Страна на създаване/издаване България
260 ## - Област на издателските данни
9 (RLIN) 209548
Място на издаване, разпространение и проч. София
Име на издателя, разпространителя и проч. Наука и изкуство
Година на издаване 1974
Издателство - префикс ISBN 978-954-02-
300 ## - Физическа характеристика
Страници 1 албум (120 с.)
Илюстрации и др. с ил.
Размери/Мащаб 22 x 23 см
380 ## - Жанр
Жанр Изкуство
490 ## - СЕРИИ (Колекции)
9 (RLIN) 433826
Име на серия Библиотека Обновени Градове
500 ## - Общи забележки
Забележка Други автори: Станев, Христо Николов, 1930-, Йотова, Лариса Михайлова, 1936-, Бредов, Ирис Александра фон, 1948-<br/>Новкова, Емилия Михайлова, 1933-; Името на авт. на текст отбелязано в изд. каре<br/>Парал. текст на рус., нем., фр. ез. / прев. Лариса Йотова, Ирис фон Бредов, Емилия Новкова<br/>4 583 тир.
650 #0 - Допълнително описание по предмет – тема
9 (RLIN) 351887
Основно описание – тема или топоним Търговище - албум
653 #0 - Ключова дума – ненормативна
9 (RLIN) 401810
Ключова дума български градове
653 #7 - Ключова дума – ненормативна
9 (RLIN) 198842
Ключова дума Търговище
700 ## - Други автори (авторска отговорност)
9 (RLIN) 1535
Лично име Станев, Христо
Автороска отговорност (Описва отношението между автора и произведението) състав. и текст
852 ## - Местоположение
Форматна сигнатура ЦБ 301322
999 ## - СИСТЕМНИ КОНТРОЛНИ НОМЕРА
Koha biblionumber 387991
Koha biblioitemnumber 387991
942 ## - АРТИКУЛИ
Вид на библиотечния материал Графични издания
Скрит в OPAC Не
Периодичен библиозапис Да
944 ## - СЪЗДАВАНЕ И РЕДАКЦИЯ на ЗАПИСА
Дата на регистрацията/редакция 2020-09-21
Служител, извършил регистрацията/редакцията ВК
Наличности
Код за отписване Код за изгубен артикул Източник на класификационната схема Код за повреда Коз за рестрикции Код за отдаване Артикулен № Име на библиотеката - собственик Име на библиотеката, в която се намира в момента Статус (Текущо местоположение) Дата на вписване в системата Местоположение - отдел Цена в лева Инвентарен номер Систематично азбучна сигнатура Баркод Цена в евро Служебен тип на артикула
  Не е изгубен Universal Decimal Classification Не е повреден само за читалня ползва се в читалня 800354 Регионална библиотека "Любен Каравелов" Русе Регионална библиотека "Любен Каравелов" Русе Хранилище 2020-09-23 Хранилище 7.00 167026 Цб 301322 120000167026 3.58 Графични издания
Vip Innovations Ltd, Rousse, Bulgaria 2025